La mortalidad infantil y la mortalidad materna en el siglo XXI /
En el presente artículo se analizan los posibles escenarios de la mortalidad infantil y la mortalidad materna en México, además de la evolución de las causas específicas de ambas.
Spremljeno u:
| Glavni autor: | |
|---|---|
| Format: | Tekst |
| Teme: | |
| Oznake: |
Dodaj oznaku
Bez oznaka, Budi prvi tko označuje ovaj zapis!
|
MARC
| LEADER | 00000 a a2200000 04500 | ||
|---|---|---|---|
| 001 | 40577 | ||
| 003 | |||
| 040 | |||
| 100 | |a Aguirre, Alejandro | ||
| 245 | |a La mortalidad infantil y la mortalidad materna en el siglo XXI / |c Alejandro Aguirre | ||
| 500 | |a guirre@colmex.mx | ||
| 520 | |a En el presente artículo se analizan los posibles escenarios de la mortalidad infantil y la mortalidad materna en México, además de la evolución de las causas específicas de ambas. | ||
| 590 | |a SJB/MAYO2012 | ||
| 650 | |a 1.MORTALIDAD MATERNA | ||
| 650 | |a 2.MORTALIDAD INFANTIL | ||
| 650 | |a 3.SALUD MATERNOINFANTIL | ||
| 650 | |a 4.SALUD PUBLICA | ||
| 650 | |a 5.EPIDEMIOLOGIA | ||
| 650 | |a 6.MEXICO | ||
| 773 | |g volumen15, número61 ( , 2009), páginas 75-99 : tablas, gráficos | ||
| 999 | |c 32122 |d 32122 | ||
